Solid and hazardous waste management (Record no. 407375)

000 -LEADER
fixed length control field 00462cam a22001577a 4500
008 - FIXED-LENGTH DATA ELEMENTS--GENERAL INFORMATION
fixed length control field 180718b2007 xxu||||| |||| 00| 0 eng d
020 ## - INTERNATIONAL STANDARD BOOK NUMBER
International Standard Book Number 8126908141
082 ## - DEWEY DECIMAL CLASSIFICATION NUMBER
Classification number X83 B469
100 ## - MAIN ENTRY--PERSONAL NAME
Personal name Bhatia, S.C.
245 ## - TITLE STATEMENT
Title Solid and hazardous waste management
Statement of responsibility, etc. by S.C. Bhatia
260 ## - PUBLICATION, DISTRIBUTION, ETC.
Place of publication, distribution, etc. New Delhi
Name of publisher, distributor, etc. Atlantic
Date of publication, distribution, etc. 2007
300 ## - PHYSICAL DESCRIPTION
Extent 535p.
650 ## - SUBJECT ADDED ENTRY--TOPICAL TERM
Topical term or geographic name entry element Environmental protection
650 ## - SUBJECT ADDED ENTRY--TOPICAL TERM
Topical term or geographic name entry element Waste management
650 ## - SUBJECT ADDED ENTRY--TOPICAL TERM
Topical term or geographic name entry element Refuse and refuse disposal salvage (Waste, etc.)
Holdings
Withdrawn status Lost status Damaged status Not for loan Permanent Location Current Location Date acquired Full call number Barcode Date last seen Price effective from Koha item type
        Indian Institute of Public Administration Indian Institute of Public Administration 2008-03-28 X83 B469 DA6339 2018-07-21 2018-07-21 DA

Powered by Koha